The little manual of success (Record no. 4460)

MARC details
000 -LEADER
fixed length control field 00396nam a22001697a 4500
005 - DATE AND TIME OF LATEST TRANSACTION
control field 20160628143556.0
008 - FIXED-LENGTH DATA ELEMENTS--GENERAL INFORMATION
fixed length control field 160628b xxu||||| |||| 00| 0 eng d
020 ## - INTERNATIONAL STANDARD BOOK NUMBER
ISBN 81-7806-138-4
041 ## - LANGUAGE CODE
Language code of text/sound track or separate title eng
082 ## - DEWEY DECIMAL CLASSIFICATION NUMBER
Item number 10597
100 ## - MAIN ENTRY--AUTHOR NAME
Personal name Malkani, Vikas
245 ## - TITLE STATEMENT
Title The little manual of success
260 ## - PUBLICATION, DISTRIBUTION, ETC. (IMPRINT)
Name of publisher Unicorn Books
Year of publication 2008
300 ## - PHYSICAL DESCRIPTION
Number of Pages 145
650 ## - SUBJECT ADDED ENTRY--TOPICAL TERM
Topical Term Management
942 ## - ADDED ENTRY ELEMENTS (KOHA)
Koha item type Books
Holdings
Lost status Damaged status Collection code Home library Current library Shelving location Date acquired Cost, normal purchase price Full call number Accession Number Koha item type
    LIFE SKILL JRU Library JRU Library SHELF-102-G 28/06/2016 150.00 10597 10597 Books